| 000 | 01377cam a22003371i 4500 | ||
|---|---|---|---|
| 003 | SA-RiAUC | ||
| 005 | 20241205140816.0 | ||
| 008 | 241203s2000 le g 000 0 ara c | ||
| 040 |
_aOM-MuSQU _bara _cSA-RiAUC _erda |
||
| 041 | 1 |
_aara _hund |
|
| 050 | 1 | 4 | _b. H35 2000 |
| 050 | 1 | 0 | _bH35 2000 |
| 082 | 0 | 4 |
_a251.15 _qSA-RiAUC |
| 090 |
_a251.15 _b ح ك ي |
||
| 100 | 1 |
_aالحكيمي، محمد رضا، _d1931-1992 _eمؤلف. |
|
| 245 | 1 | 2 |
_aالاجتهاد التحقيقي / _cمحمد رضا حكيمي ؛ ترجمة حيدر نجف، خليل العصامي ؛ مراجعة وتقديم عبد الجبار الرفاعي. |
| 264 | 1 |
_aبيروت : _bدار الهادي، _c2000 |
|
| 300 |
_a128 صفحة ؛ _c24 سم. |
||
| 336 |
_aنص _btxt _2rdacontent _3كتاب |
||
| 337 |
_aبدون وسيط _bn _2rdamedia |
||
| 338 |
_aمجلد _bnc _2rdacarrier |
||
| 490 | 0 | _aقضايا إسلامية معاصرة | |
| 504 | _aيشتمل على إرجاعات ببليوجرافية. | ||
| 590 | _aالشعيلي / أسماء. | ||
| 650 | 7 |
_aالاجتهاد (أصول فقه) _2aucsh |
|
| 700 | 1 |
_aنجف، حيدر _eمترجم. |
|
| 700 | 1 |
_aالعصامي، خليل زامل _eمترجم. |
|
| 700 | 1 |
_aالرفاعي، عبد الجبار، _d1954- _eمراجع. |
|
| 942 |
_2ddc _cBOOK _n0 |
||
| 949 |
_aSA-JeALM _d241203 _umohamedma123 _n1 |
||
| 999 |
_c3067 _d3067 |
||